Statistics for CFL Teams by Logos

Click here to take the quiz!

General Stats

  • This quiz has been taken 190 times
  • The average score is 8 of 9

Answer Stats

Answer% Correct
Winnipeg Blue Bombers
91%
BC Lions
89%
Montreal Alouettes
88%
Toronto Argonauts
85%
Calgary Stampeders
83%
Edmonton Elks
83%
Hamilton Tiger-Cats
83%
Ottawa Redblacks
83%
Saskatchewan Roughriders
81%

Score Distribution

Percentile by Number Answered

Percent of People with Each Score

Your Score History

You have not taken this quiz